Formel 1 Podium 1956 - Statistiken

Allgemein
  • Dieses Quiz wurde 41 mal gespielt
  • Das Durchschnittsergebnis liegt bei 8 aus 15
Antwortstatistiken
Antwort % Korrekt
Collins / Fangio
100%
Fangio / Musso
100%
Juan Manuel Fangio
100%
Perdisa / Moss
81%
Stirling Moss
81%
Mike Hawthorn
67%
de Portago / Collins
62%
Peter Collins
62%
Jean Behra
29%
Eugenio Castellotti
24%
Sam Hanks
24%
Pat Flaherty
19%
Paul Frere
10%
Ron Flockhart
10%
Don Freeland
5%
Keine übereinstimmenden Quizze gefunden
Verteilung der Resultate
Anzahl Personen mit jedem Resultat
Perzentil nach korrekt beantworteten Fragen
Ihre Resultats-Entwicklung
Sie haben dieses Quiz noch nicht gespielt